LEADER 01342nam 2200361Ia 450 001 996387320903316 005 20200824132512.0 035 $a(CKB)1000000000623036 035 $a(EEBO)2264190022 035 $a(OCoLC)ocm12277119e 035 $a(OCoLC)12277119 035 $a(EXLCZ)991000000000623036 100 $a19850718d1672 uy | 101 0 $aeng 135 $aurbn||||a|bb| 200 12$aA sermon preached in the metropolitical Church of Canterbury, October 17, MDCLXXII, at the funeral of the Very Reverend Thomas Turner, D.D., dean of the same church$b[electronic resource] /$fby Peter du Moulin .. 210 $aLondon $cPrinted for Henry Brome ...$d1672 215 $a[2], 29 p 300 $aReproduction of original in Union Theological Seminary Library, New York. 330 $aeebo-0160 606 $aSermons, English$y17th century 606 $aFuneral sermons 615 0$aSermons, English 615 0$aFuneral sermons. 700 $aDu Moulin$b Peter$f1601-1684.$0799673 801 0$bEAA 801 1$bEAA 801 2$bm/c 801 2$bWaOLN 906 $aBOOK 912 $a996387320903316 996 $aA sermon preached in the metropolitical Church of Canterbury, October 17, MDCLXXII, at the funeral of the Very Reverend Thomas Turner, D.D., dean of the same church$92362234 997 $aUNISA LEADER 01784nam 2200409Ia 450 001 996397147903316 005 20200824132510.0 035 $a(CKB)4940000000059243 035 $a(EEBO)2248500481 035 $a(OCoLC)ocm13721264e 035 $a(OCoLC)13721264 035 $a(EXLCZ)994940000000059243 100 $a19860612d1677 uy | 101 0 $aeng 135 $aurbn||||a|bb| 200 14$aThe countermine, or, A short but true discovery of the dangerous principles and secret practices of the dissenting party, especially the Presbyterians$b[electronic resource] $eshewing that religion is pretended, but rebellion is intended : and in order thereto, the foundation of monarchy in the state and episcopacy in the church are undermined /$fby one who does passionately wish the prosperity of the church, his King and country 205 $aThe second edition. 210 $aLondon $cPrinted for Jonathan Edwin ...$d1677 215 $a[16], 317, [3] p 300 $aWritten by John Nalson. Cf. DNB. 300 $aReproduction of original in Union Theological Seminary Library, New York. 330 $aeebo-0160 606 $aDissenters, Religious$zEngland$vEarly works to 1800 606 $aDissenters, Religious$vEarly works to 1800 607 $aGreat Britain$xHistory$yCharles II, 1660-1685 615 0$aDissenters, Religious 615 0$aDissenters, Religious 700 $aNalson$b John$f1638?-1686.$01002098 801 0$bEAA 801 1$bEAA 801 2$bm/c 801 2$bEAA 801 2$bWaOLN 906 $aBOOK 912 $a996397147903316 996 $aThe countermine, or, A short, but true discovery of the dangerous principles, and secret practices of the dissenting party especially the Presbyterians$92299994 997 $aUNISA